if you're reading this it's too late: (Record no. 9481)

MARC details
000 -LEADER
fixed length control field 00951nam a22001937a 4500
003 - CONTROL NUMBER IDENTIFIER
control field OSt
005 - DATE AND TIME OF LATEST TRANSACTION
control field 20260416021950.0
008 - FIXED-LENGTH DATA ELEMENTS--GENERAL INFORMATION
fixed length control field 260416b |||||||| |||| 00| 0 eng d
040 ## - CATALOGING SOURCE
Original cataloging agency DWCL GS library
Transcribing agency OC
082 ## - DEWEY DECIMAL CLASSIFICATION NUMBER
Classification number Fic. B742i 2008
100 ## - MAIN ENTRY--PERSONAL NAME
Personal name Bosh, Pseudonymous
245 ## - TITLE STATEMENT
Title if you're reading this it's too late:
Remainder of title caution : read at you own risk!
Statement of responsibility, etc. Pseudonymous Bosh
260 ## - PUBLICATION, DISTRIBUTION, ETC.
Place of publication, distribution, etc. New York
Name of publisher, distributor, etc. Hachette Book Group
Date of publication, distribution, etc. c2008
300 ## - PHYSICAL DESCRIPTION
Extent 385
Other physical details illustrations
Dimensions 19cm
520 ## - SUMMARY, ETC.
Summary, etc. If You're Reading This, It's Too Late is the second book in The Secret Series by Pseudonymous Bosch, following Cass and Max-Ernest on a new mystery. As members of the Terces Society, they aim to find a magical artifact called the Sound Prism and protect a "homunculus" (a man-made man) from the evil Midnight Sun alchemists.
546 ## - LANGUAGE NOTE
Language note English
700 ## - ADDED ENTRY--PERSONAL NAME
Personal name Pseudonymous Bosh
942 ## - ADDED ENTRY ELEMENTS (KOHA)
Source of classification or shelving scheme Dewey Decimal Classification
Koha item type Fiction
Classification part Fic. B7421i 2008
Suppress in OPAC No
952 ## - LOCATION AND ITEM INFORMATION (KOHA)
--
Holdings
Withdrawn status Lost status Source of classification or shelving scheme Damaged status Not for loan Home library Current library Shelving location Date acquired Source of acquisition Total Checkouts Full call number Barcode Date last seen Price effective from Koha item type Uniform Resource Identifier
    Dewey Decimal Classification     Grade School Library Grade School Library Fiction 04/16/2026 School Fund, Donation   Fic. B742i 2008 213876 04/16/2026 04/16/2026 FIC.